| 000 | 00624nam a2200253Ia 4500 | ||
|---|---|---|---|
| 008 | 210210b1922 xxu||||| |||| 00| 0 eng d | ||
| 041 | _aeng | ||
| 082 | _a954/706 | ||
| 100 | _aYAZDANI (Chulam) | ||
| 245 |
_aMemories of the archeological survey of India No 6 _bThe temples at palampet |
||
| 260 |
_aCalcutta _bSuperintendent Government Printing _c1922 |
||
| 300 | _a191 | ||
| 650 | _atemples | ||
| 650 | _asurvey | ||
| 650 | _apalampet | ||
| 650 | _aNo | ||
| 650 | _aMemories | ||
| 650 | _aIndia | ||
| 650 | _aat | ||
| 650 | _aarcheological | ||
| 650 | _a6 | ||
| 690 | _aIndian History | ||
| 906 | _a002206 | ||
| 999 |
_c121148 _d121148 |
||